000
00397nam a22001697a 4500
003
MPLRDC
005
20220104114205.0
008
210129b ||||| |||| 00| 0 eng d
082
_a
782.878 CX-2
100
_a
德龄郡主 原著
245
_a
慈禧外传
_c
250
_a
初版
260
_a
_b
大夏出版社
_c
1978
300
_b
平
650
_a
慈禧传记
942
_c
BK
_o
782.878 CX-2
999
_c
5535
_d
5525